| 000 | 01114nam a22003257a 4500 | ||
|---|---|---|---|
| 003 | CHAP | ||
| 005 | 20220329135055.0 | ||
| 008 | 971013s1972 r 00010 d | ||
| 010 | _a30509 | ||
| 011 | _a31481 | ||
| 035 | _a35593 | ||
| 040 | _cCHAP | ||
| 090 | _aTesis | ||
| 100 | 0 | 0 |
_aMaples Vermeersch, Mireya. _971136 |
| 245 | _aUso del suelo en los lomeríos de la Sierra de las Cruces, zona poniente de la ciudad de México | ||
| 260 |
_aMéxico, D.F. : _bEl autor, _c1972 |
||
| 300 |
_a171 h. _b: ilus. ; gráfs. ; mapas |
||
| 490 | _aEtnomicología Purépecha | ||
| 502 | _aTesis (Lic. en Geografía) -- UNAM. Fac. de Filosofía y Letras. Colegio de Geografia | ||
| 590 |
_aALEPH _b10 _c20130110 _lUCH01 _h1252 |
||
| 590 |
_aBATCH-UPD _b10 _c20130110 _lUCH01 _h2155 |
||
| 590 |
_aBATCH-UPD _b10 _c20130410 _lUCH01 _h1503 |
||
| 590 |
_aBATCH-UPD _b10 _c20130914 _lUCH01 _h1630 |
||
| 590 |
_aCONVERSION _b10 _c20130109 _lUCH01 _h1317 |
||
| 650 | 1 | 4 |
_aSuelos _xMéxico (Cd.) _9110442 |
| 830 | 0 |
_aEtnomicología Purépecha _938667 |
|
| 901 | _aBK | ||
| 942 | _cTESIS | ||
| 949 |
_bBC _cTES _d-82339 _eTS1 _i35593 _si |
||
| 999 |
_c30509 _d30509 |
||